Satellite Images by Ms. G! - Statistics

General Stats
  • This quiz has been taken 40 times
  • The average score is 14 of 16
Answer Stats
Picture Hint Answer % Correct
State Michigan
100%
Continent Africa
97%
Sea named after a color Black Sea
94%
State Hawaii
94%
Country Italy
94%
Country Mexico
94%
Country (2 initials) UK
94%
Country Australia
91%
Large Island Iceland
91%
Island off of Africa Madagascar
91%
Country Canada
88%
State Florida
88%
Country India
85%
Country Japan
85%
African Country Uganda
73%
Bay Saginaw
45%
No matching quizzes found
Score Distribution
Percent of People with Each Score
Percentile by Number Answered
Your Score History
You have not taken this quiz